| 000 | 00556nam a2200193Ia 4500 | ||
|---|---|---|---|
| 999 |
_c1844 _d1844 |
||
| 003 | OSt | ||
| 005 | 20200924124657.0 | ||
| 008 | 190216s9999||||xx |||||||||||||| ||und|| | ||
| 020 | _a9780198502296 | ||
| 040 | _coclc | ||
| 082 |
_a572.7 _bPRI/F |
||
| 100 |
_aPrice, Nicholas C _94944 |
||
| 245 | 0 |
_aFundamentals Of Enzymology / _cNicholas C Price ; Lewis Stevens |
|
| 250 | _a3rd Ed. | ||
| 260 |
_bOxford University Press, _c2011. _aNew York: |
||
| 300 | _a478p | ||
| 650 | _aBotany | ||
| 942 |
_cBK _2ddc _h572.7 _iPRI/F _k572.7 _mPRI/F |
||